000 00543nam a2200181Ia 4500
999 _c14308
_d14308
003 OSt
005 20201027130950.0
008 190216s9999||||xx |||||||||||||| ||und||
020 _a9780393090888
040 _coclc
082 _a813.4
_bJAM/W
100 _aJames, Henry
_95755
245 4 _aThe Wings Of The Dove /
_cHenry James ; J Donald Crowley ; Richard A Hocks
260 _bW W Norton And Company ,
_aNew York:
_c1978.
300 _a583p
650 _aEnglish
942 _cBK
_2ddc
_h813.4
_iJAM/W
_k813.4
_mJAM/W